Welcome to Marium Abdulla Library

Embrace knowledge with a breath of fresh air.

Browse Collection

Marium Abdulla Library

The lost civilization:the story of the classic Maya (Record no. 4384)

MARC details
000 -LEADER
fixed length control field 00439nam a2200181Ia 4500
001 - CONTROL NUMBER
control field 3473
005 - DATE AND TIME OF LATEST TRANSACTION
control field 20250626025525.0
008 - FIXED-LENGTH DATA ELEMENTS--GENERAL INFORMATION
fixed length control field 211022s9999 xx 000 0 und d
020 ## - INTERNATIONAL STANDARD BOOK NUMBER
International Standard Book Number 0060414480
082 ## - DEWEY DECIMAL CLASSIFICATION NUMBER
Classification number 970.3 CUL
100 ## - MAIN ENTRY--PERSONAL NAME
Personal name CulBert, T. Patrick
245 #4 - TITLE STATEMENT
Title The lost civilization:the story of the classic Maya
260 ## - PUBLICATION, DISTRIBUTION, ETC.
Place of publication, distribution, etc. New York
260 ## - PUBLICATION, DISTRIBUTION, ETC.
Name of publisher, distributor, etc. "Harper and Row, Publishers"
260 ## - PUBLICATION, DISTRIBUTION, ETC.
Date of publication, distribution, etc. 1974
300 ## - PHYSICAL DESCRIPTION
Extent 123
942 ## - ADDED ENTRY ELEMENTS (KOHA)
Koha item type Book
Holdings
Date last seen Total checkouts Full call number Barcode Price effective from Koha item type Lost status Damaged status Not for loan Collection Withdrawn status Home library Current library Shelving location Date acquired Cost, normal purchase price
10/26/2021   970.3 CUL 3473 10/26/2021 Book       Liberal Arts   Marium Abdulla Library Marium Abdulla Library Non-Ref 12/14/2007 0.00